Examination Master in Mental Health Nursing (Record no. 158948)
[ view plain ]
| 000 -LEADER | |
|---|---|
| fixed length control field | 00389nam a2200145Ia 4500 |
| 008 - FIXED-LENGTH DATA ELEMENTS--GENERAL INFORMATION | |
| fixed length control field | 230519s9999 xx 000 0 und d |
| 020 ## - INTERNATIONAL STANDARD BOOK NUMBER | |
| International Standard Book Number | 978-93-81390-56-6 |
| 041 ## - LANGUAGE CODE | |
| Language code of text/sound track or separate title | eng |
| 082 ## - DEWEY DECIMAL CLASSIFICATION NUMBER | |
| Classification number | PS/610.7365/GUP/DB0124 |
| 100 ## - MAIN ENTRY--PERSONAL NAME | |
| Personal name | Gupta Ram |
| 245 ## - TITLE STATEMENT | |
| Title | Examination Master in Mental Health Nursing |
| 260 ## - PUBLICATION, DISTRIBUTION, ETC. (IMPRINT) | |
| Name of publisher, distributor, etc. | S Vikas and Co |
| Place of publication, distribution, etc. | Jalandhar |
| Date of publication, distribution, etc. | 2012 |
| 300 ## - PHYSICAL DESCRIPTION | |
| Extent | 263p |
| Withdrawn status | Lost status | Damaged status | Not for loan | Collection code | Home library | Current library | Date acquired | Cost, normal purchase price | Bill number | Total Checkouts | Total Renewals | Full call number | Barcode | Date last seen | Date last checked out | Bill Date | Koha item type | Original Barcode |
|---|---|---|---|---|---|---|---|---|---|---|---|---|---|---|---|---|---|---|
| Smt. Bakul Tambat Institute of Nursing Education | Smt. Bakul Tambat Institute of Nursing Education | 11/12/2012 | 325.00 | 34 | 12 | 3 | PS 610.7365 GUP DB0124 | BTIN-DB-124 | 08/01/2025 | 04/01/2025 | 05/12/2012 | Donated Book | DB0124 | |||||
| Smt. Bakul Tambat Institute of Nursing Education | Smt. Bakul Tambat Institute of Nursing Education | 03/10/2016 | 325.00 | 34 | 7 | 2 | PS 610.7365 GUP DB0494 | BTIN-DB-494 | 18/01/2025 | 15/01/2025 | 05/12/2012 | Donated Book | DB0494 | |||||
| Smt. Bakul Tambat Institute of Nursing Education | Smt. Bakul Tambat Institute of Nursing Education | 25/10/2017 | 325.00 | 34 | 7 | 2 | PS 610.7365 GUP DB0588 | BTIN-DB-588 | 21/11/2023 | 27/10/2023 | 05/12/2012 | Donated Book | DB0588 |